| Tag |
First Indicator |
Second Indicator |
Subfields |
| LEADER |
00000cam a2200000 4500 |
| 001 |
in00003824545 |
| 005 |
20190415190403.0 |
| 006 |
m o d |
| 007 |
cr |n||||||||n |
| 008 |
901210s1755 ie |||| o 00||||eng c |
| 035 |
|
|
|a (CU-RivES)T202582
|
| 035 |
|
|
|a (Uk-ES)006297113
|
| 035 |
|
|
|a (OCoLC)509732200
|
| 040 |
|
|
|a Uk-ES
|c Uk-ES
|d CStRLIN
|d Cengage Gale
|d UtOrBLW
|
| 245 |
0 |
4 |
|a The English registry, for the year of our Lord, 1755 :
|b Or A collection of English lists; (much improved and enlarged) containing His Majesty's most honourable privy council; the Lords and Commons of Parliament; the great officers of state; of the army and navy; of the law and trade; with many other lists of general use and satisfaction. The whole compiled and digested from the most authentic lists extant; and other approved authorities; Fitted to be bound up with Watson's almanack.
|
| 264 |
|
1 |
|a Dublin :
|b Printed for John Exshaw at the Bible in Dame-street,
|c MDCCLV. [1755]
|
| 300 |
|
|
|a 1 online resource (4 unnumbered pages, 92 pages)
|
| 336 |
|
|
|a text
|b txt
|2 rdacontent
|
| 337 |
|
|
|a computer
|b c
|2 rdamedia
|
| 338 |
|
|
|a online resource
|b cr
|2 rdacarrier
|
| 510 |
4 |
|
|a English Short Title Catalog,
|c T202582.
|
| 500 |
|
|
|a Reproduction of original from National Library of Ireland.
|
| 500 |
|
|
|a Electronic resource.
|
| 650 |
|
0 |
|a Women
|x Conduct of life
|z Great Britain
|v Early works to 1800.
|
| 655 |
|
7 |
|a Electronic books.
|2 local
|
| 710 |
2 |
|
|a Gale (Firm)
|0 http://id.loc.gov/authorities/names/no2008071348
|
| 752 |
|
|
|a Ireland
|d Dublin.
|
| 856 |
4 |
0 |
|u http://proxy.library.tamu.edu/login?url=http://find.galegroup.com/ecco/infomark.do?contentSet=ECCOArticles&docType=ECCOArticles&bookId=1664602400&type=getFullCitation&tabID=T001&prodId=ECCO&docLevel=TEXT_GRAPHICS&version=1.0&source=library&userGroupName=txshracd2898
|z Connect to the full text of this electronic book
|t 0
|
| 999 |
f |
f |
|s 7508d6fc-9b4f-30d7-bcb2-285b7e0ab7af
|i 5b700337-b7a3-3f03-9346-c5a6894f0eac
|t 0
|
| 952 |
f |
f |
|a Texas A&M University
|b College Station
|c Electronic Resources
|d Available Online
|t 0
|h No information provided
|
| 998 |
f |
f |
|t 0
|l Available Online
|